Markets (Record no. 83157)

MARC details
000 -LEADER
fixed length control field 01146cab a22002055a 4500
001 - CONTROL NUMBER
control field L152997
008 - FIXED-LENGTH DATA ELEMENTS--GENERAL INFORMATION
fixed length control field 110523e20110520xxk 000 0 eng d
035 ## - SYSTEM CONTROL NUMBER
System control number (Sirsi) u152997
041 0# - LANGUAGE CODE
Language code of text/sound track or separate title eng
100 1# - MAIN ENTRY--PERSONAL NAME
Personal name Hatcher, David
245 00 - TITLE STATEMENT
Title Markets
Remainder of title Ireland
260 ## - PUBLICATION, DISTRIBUTION, ETC.
Date of publication, distribution, etc. 2011
490 #0 - SERIES STATEMENT
Series statement Property Week
Volume/sequential designation 77(20) 20 May 2011, 43-52( 5)
520 ## - SUMMARY, ETC.
Summary, etc. The new Irish government is pressing ahead with retrospective rent reviews for economic reasons despite strong opposition from the property industry. Poundstretcher aims to open its first Republic store before the end of 2011. Green Property is concentrating on its 3.2m sq ft retail-led Blanchardstown Centre on the western edge of Dublin. Belfast?s Titanic Quarter hopes to attract media businesses on the back of a US TV series. Dublin-based Allsop Space will hold two further auctions of distressed property after their successful April auction. Treasury Holdings is pressing ahead with its plans to develop Sligo town centre.
590 ## - LOCAL NOTE (RLIN)
Local note KA
651 #4 - SUBJECT ADDED ENTRY--GEOGRAPHIC NAME
Geographic name Ireland (Republic of)
Chronological subdivision
651 #4 - SUBJECT ADDED ENTRY--GEOGRAPHIC NAME
Geographic name Belfast
690 ## - LOCAL SUBJECT ADDED ENTRY--TOPICAL TERM (OCLC, RLIN)
Topical term or geographic name as entry element PROPERTY-COMMERCIAL PROPERTY-COMMERCIAL PROPERTY MARKET
942 ## - ADDED ENTRY ELEMENTS (KOHA)
Suppress in OPAC 0
Holdings
Withdrawn status Lost status Source of classification or shelving scheme Damaged status Not for loan Home library Current library Shelving location Date acquired Total Checkouts Full call number Barcode Date last seen Copy number Price effective from Koha item type
    Dewey Decimal Classification     London London Journal article 23/05/2011   L152997 152997-1001 06/08/2019 1 06/08/2019 Journal article